| 000 | 00686nam a2200217Ia 4500 | ||
|---|---|---|---|
| 005 | 20220720122916.0 | ||
| 008 | 210716s2006 xx 000 0 und d | ||
| 020 | _a9788122405491 | ||
| 040 | _cAIMIT LIBRARY | ||
| 041 | _aeng | ||
| 082 |
_a519.23 _22 _bMEDJ |
||
| 100 |
_aMedhi, J. _951776 |
||
| 245 |
_aStochastic processes / _cBy J Medhi. |
||
| 250 | _a2nd ed. | ||
| 260 |
_aNew Delhi : _bNew Age International Pvt Ltd , _c2008. |
||
| 300 |
_axv,598p. ; _c24 cm. |
||
| 650 |
_aProbability distributions _951777 |
||
| 650 |
_aStochastic processes in queueing and reliability _951778 |
||
| 650 |
_aStationary processes and time series _951779 |
||
| 942 |
_2ddc _cBK _e2nd _k519.23 MEDJ |
||
| 999 |
_c189562 _d189562 |
||